The Harang fauna of Louisiana, (Record no. 28381)

MARC details
000 -LEADER
fixed length control field 00999cam a22002651 4500
001 - CONTROL NUMBER
control field gs 49000149
003 - CONTROL NUMBER IDENTIFIER
control field DLC
005 - DATE AND TIME OF LATEST TRANSACTION
control field 20260227111355.0
008 - FIXED-LENGTH DATA ELEMENTS--GENERAL INFORMATION
fixed length control field 780906s1948 xx 000 0 eng c
010 ## - LIBRARY OF CONGRESS CONTROL NUMBER
LC control number gs 49000149
035 ## - SYSTEM CONTROL NUMBER
System control number (OCoLC)4201651
040 ## - CATALOGING SOURCE
Original cataloging agency U.S. Geol. Survey Libr.
Transcribing agency ScCC
Modifying agency DLC
042 ## - AUTHENTICATION CODE
Authentication code premarc
050 00 - LIBRARY OF CONGRESS CALL NUMBER
Classification number QE117
Item number .A22 no. 26
082 ## - DEWEY DECIMAL CLASSIFICATION NUMBER
Classification number 563.12
100 1# - MAIN ENTRY--PERSONAL NAME
Personal name Pope, David E.
Fuller form of name (David Elvin),
Dates associated with a name 1920-
245 14 - TITLE STATEMENT
Title The Harang fauna of Louisiana,
Statement of responsibility, etc. by David E. Pope [and] D. Jeter Smith.
260 ## - PUBLICATION, DISTRIBUTION, ETC.
Place of publication, distribution, etc. Baton Rouge,
Name of publisher, distributor, etc. Dept. of Conservation, Louisiana Geological Survey,
Date of publication, distribution, etc. 1948.
300 ## - PHYSICAL DESCRIPTION
Extent xi, 80 p.
Other physical details illus., maps (part fold.) tables (2 fold. in pocket)
Dimensions 23 cm.
490 1# - SERIES STATEMENT
Series statement Louisiana. Dept. of Conservation. Geological bulletin
Volume/sequential designation no. 26
504 ## - BIBLIOGRAPHY, ETC. NOTE
Bibliography, etc. note Bibliography: p. 74-76.
650 #0 - SUBJECT ADDED ENTRY--TOPICAL TERM
Topical term or geographic name entry element Foraminifera, Fossil
Geographic subdivision Louisiana.
700 1# - ADDED ENTRY--PERSONAL NAME
Personal name Smith, Denver Jeter,
Dates associated with a name 1917- ,
Relator term joint author.
810 2# - SERIES ADDED ENTRY--CORPORATE NAME
Corporate name or jurisdiction name as entry element Louisiana Geological Survey.
Title of a work Geological bulletin ;
Volume/sequential designation no. 26.

No items available.

Powered by Koha